000
00364nam a2200157Ia 4500
008
151213s9999 xx 000 0 und d
100
_a
Chinua Ached
245
_a
Things Fall Apart
_c
Chinua Ached
250
_a
1st
260
_a
U.S.A
_b
Heineman
_c
1958
300
_a
4223 p.
650
_a
English
650
_a
Literary
700
_a
Chinua Ached
999
_c
2647
_d
2647